[Event "43. Olimpiada Batumi 2018 Femenina"]
[Site "Batumi GEO"]
[Date "2018.10.04"]
[Round "10.1"]
[White "Georgescu, Lena"]
[Black "Bejatovic, Bojana"]
[Result "1-0"]
[WhiteElo "2195"]
[BlackElo "2057"]
[PlyCount "95"]
[EventDate "2018.09.24"]
[EventType "team-swiss"]
[EventRounds "11"]
[EventCountry "GEO"]
[SourceTitle "Ajedrez en Madrid"]
[Source "lmi"]
[SourceDate "2018.09.24"]
[WhiteTeam "Switzerland"]
[BlackTeam "FYR Macedonia"]
[WhiteTeamCountry "SUI"]

1. e4 e5 2. Nf3 Nf6 3. Nxe5 d6 4. Nf3 Nxe4 5. d4 Be7 6. Bd3 Nf6 7. h3 O-O 8.
O-O Nbd7 9. c4 d5 10. Nc3 dxc4 11. Bxc4 Nb6 12. Bb3 Nfd5 13. Ne4 Bf5 14. Nc5
Qc8 15. Ne5 c6 16. Qf3 Bg6 17. Bd2 a5 18. a4 Re8 19. Rfe1 Qc7 20. Rac1 Bd6 21.
Nxg6 Rxe1+ 22. Rxe1 hxg6 23. Qg4 Kh7 24. Qh4+ Kg8 25. Qg4 Kh7 26. Ne4 Be7 27.
h4 Qd7 28. Qxd7 Nxd7 29. Bxd5 cxd5 30. Ng5+ Bxg5 31. hxg5 Kg8 32. Re7 Nb6 33.
b3 Ra7 34. Re8+ Kh7 35. Re7 Kg8 36. Rc7 Na8 37. Rc8+ Kh7 38. Rc5 b6 39. Rxd5
Re7 40. Rd8 Nc7 41. Be3 Ne6 42. Rd6 Rb7 43. d5 Nc5 44. Rc6 Nxb3 45. Bxb6 Rd7
46. d6 Nd2 47. Bxa5 Ne4 48. Bc7 1-0

[Event "43. Olimpiada Batumi 2018 Femenina"]
[Site "Batumi GEO"]
[Date "2018.10.04"]
[Round "10.2"]
[White "Stojkovska, Monika"]
[Black "Mueller-Seps, Monika"]
[Result "1/2-1/2"]
[WhiteElo "2106"]
[BlackElo "2230"]
[PlyCount "68"]
[EventDate "2018.09.24"]
[EventType "team-swiss"]
[EventRounds "11"]
[EventCountry "GEO"]
[SourceTitle "Ajedrez en Madrid"]
[Source "lmi"]
[SourceDate "2018.09.24"]
[WhiteTeam "FYR Macedonia"]
[BlackTeam "Switzerland"]
[BlackTeamCountry "SUI"]

1. e4 g6 2. d4 Bg7 3. Nc3 d5 4. Nxd5 c6 5. Nc3 Qxd4 6. Be3 Qb4 7. Rb1 Nf6 8.
Qd4 Qxd4 9. Bxd4 O-O 10. Nf3 a5 11. a4 Na6 12. Bc4 Nd7 13. Bxg7 Kxg7 14. Bxa6
Rxa6 15. Ke2 Nc5 16. Ne5 Be6 17. b3 Raa8 18. Nd3 Na6 19. Ke3 Rfb8 20. Ne2 Bd7
21. Nd4 Be8 22. c4 b5 23. c5 e5 24. Nxe5 bxa4 25. bxa4 Nxc5 26. Rxb8 Rxb8 27.
Nc4 Nxa4 28. Nxa5 c5 29. Ndc6 Bxc6 30. Nxc6 Rb3+ 31. Kd2 Rb2+ 32. Ke3 Rb3+ 33.
Kd2 Rb2+ 34. Ke3 Rb3+ 1/2-1/2

[Event "43. Olimpiada Batumi 2018 Femenina"]
[Site "Batumi GEO"]
[Date "2018.10.04"]
[Round "10.3"]
[White "Heinatz, Gundula"]
[Black "Nikolovska, Dragana"]
[Result "1-0"]
[WhiteElo "2170"]
[BlackElo "1856"]
[PlyCount "55"]
[EventDate "2018.09.24"]
[EventType "team-swiss"]
[EventRounds "11"]
[EventCountry "GEO"]
[SourceTitle "Ajedrez en Madrid"]
[Source "lmi"]
[SourceDate "2018.09.24"]
[WhiteTeam "Switzerland"]
[BlackTeam "FYR Macedonia"]
[WhiteTeamCountry "SUI"]

1. d4 Nf6 2. Nf3 c5 3. c3 Qc7 4. g3 g6 5. Bg2 Bg7 6. O-O O-O 7. Re1 d6 8. e4
Rd8 9. Bf4 Nbd7 10. e5 dxe5 11. Nxe5 Nxe5 12. Bxe5 Qb6 13. Qb3 Qa5 14. Na3 cxd4
15. cxd4 e6 16. Nc4 Qa6 17. Ne3 Ne8 18. Rad1 f6 19. Bf4 g5 20. Nf5 gxf4 21.
Ne7+ Kf7 22. Nxc8 Raxc8 23. Bxb7 Qd6 24. Bxc8 Rxc8 25. d5 e5 26. gxf4 Bh6 27.
Qh3 Rc7 28. Qxh6 1-0

[Event "43. Olimpiada Batumi 2018 Femenina"]
[Site "Batumi GEO"]
[Date "2018.10.04"]
[Round "10.4"]
[White "Petrovska, Katerina"]
[Black "Stoeri, Laura"]
[Result "1/2-1/2"]
[WhiteElo "1966"]
[BlackElo "2118"]
[PlyCount "110"]
[EventDate "2018.09.24"]
[EventType "team-swiss"]
[EventRounds "11"]
[EventCountry "GEO"]
[SourceTitle "Ajedrez en Madrid"]
[Source "lmi"]
[SourceDate "2018.09.24"]
[WhiteTeam "FYR Macedonia"]
[BlackTeam "Switzerland"]
[BlackTeamCountry "SUI"]

1. e4 e5 2. Nf3 Nc6 3. Bb5 a6 4. Ba4 Nf6 5. d3 d6 6. c3 g6 7. Nbd2 Bg7 8. Nf1
O-O 9. Bg5 h6 10. Bxf6 Qxf6 11. Ne3 Be6 12. Bb3 Nd8 13. O-O h5 14. d4 exd4 15.
cxd4 c5 16. e5 dxe5 17. dxe5 Qe7 18. Nd5 Bxd5 19. Qxd5 Ne6 20. Rad1 Rae8 21.
Qd7 Nd4 22. Qxe7 Nxf3+ 23. gxf3 Rxe7 24. Rfe1 Rxe5 25. Rxe5 Bxe5 26. Rd7 b5 27.
Rd5 Bd4 28. Rd6 Kg7 29. Rxa6 Re8 30. Bd5 Rd8 31. Bc6 b4 32. b3 Kh6 33. Bb5 Kg5
34. Kg2 f6 35. a3 bxa3 36. Rxa3 Bc3 37. Ra2 Rd1 38. Re2 Be5 39. Rc2 Bd6 40. Bc4
Rd4 41. h3 Kf4 42. Re2 Be5 43. Bf7 Kg5 44. Ra2 Rd7 45. Be6 Re7 46. Bc4 Bd4 47.
Re2 Ra7 48. Rc2 Kh6 49. Re2 Kg5 50. Rc2 Ra1 51. Re2 Rc1 52. Bd5 Rc3 53. Bc4 Rc1
54. Bd5 Rd1 55. Bc4 Rc1 1/2-1/2

[Event "43. Olimpiada Batumi 2018 Femenina"]
[Site "Batumi GEO"]
[Date "2018.10.04"]
[Round "10.1"]
[White "Sihite, Chelsie Monica Igne"]
[Black "Exler, Veronika"]
[Result "1-0"]
[WhiteElo "2244"]
[BlackElo "2267"]
[PlyCount "109"]
[EventDate "2018.09.24"]
[EventType "team-swiss"]
[EventRounds "11"]
[EventCountry "GEO"]
[SourceTitle "Ajedrez en Madrid"]
[Source "lmi"]
[SourceDate "2018.09.24"]
[WhiteTeam "Indonesia"]
[BlackTeam "Austria"]
[WhiteTeamCountry "INA"]
[BlackTeamCountry "AUT"]

1. e4 c6 2. d4 d5 3. Nc3 dxe4 4. Nxe4 Nf6 5. Nxf6+ exf6 6. c3 Bd6 7. Bd3 O-O 8.
Ne2 Re8 9. Qc2 h5 10. Bd2 Bg4 11. f3 Be6 12. c4 Nd7 13. O-O-O b5 14. c5 Bc7 15.
Kb1 Nf8 16. Bf4 g6 17. Be4 Bc4 18. Bxc7 Qxc7 19. Bd3 Bxd3 20. Rxd3 Rad8 21. Nc3
f5 22. d5 b4 23. d6 Qa5 24. Na4 Nd7 25. b3 Re5 26. Rc1 Rde8 27. h3 Re2 28. Rd2
Qb5 29. Rxe2 Rxe2 30. Qc4 Qxc4 31. Rxc4 Rxg2 32. Rxb4 Rd2 33. Rb7 Nxc5 34. Nxc5
Rxd6 35. Rd7 Rxd7 36. Nxd7 g5 37. Kc2 Kg7 38. Kd3 g4 39. fxg4 fxg4 40. hxg4
hxg4 41. Ke4 f5+ 42. Kf4 Kh6 43. Ne5 c5 44. Nd3 Kh5 45. Nxc5 Kh4 46. Nd3 g3 47.
Ne1 Kh3 48. Kf3 Kh4 49. Ng2+ Kg5 50. Kxg3 Kf6 51. Kf4 Ke6 52. Ne3 Kd6 53. Kxf5
Kc5 54. Nc2 a5 55. a4 1-0

[Event "43. Olimpiada Batumi 2018 Femenina"]
[Site "Batumi GEO"]
[Date "2018.10.04"]
[Round "10.2"]
[White "Newrkla, Katharina"]
[Black "Fisabilillah, Ummi"]
[Result "1-0"]
[WhiteElo "2204"]
[BlackElo "2227"]
[PlyCount "105"]
[EventDate "2018.09.24"]
[EventType "team-swiss"]
[EventRounds "11"]
[EventCountry "GEO"]
[SourceTitle "Ajedrez en Madrid"]
[Source "lmi"]
[SourceDate "2018.09.24"]
[WhiteTeam "Austria"]
[BlackTeam "Indonesia"]
[WhiteTeamCountry "AUT"]
[BlackTeamCountry "INA"]

1. e4 e6 2. d4 d5 3. Nd2 c5 4. exd5 Qxd5 5. Ngf3 cxd4 6. Bc4 Qd6 7. O-O Nf6 8.
Nb3 Nc6 9. Nbxd4 Nxd4 10. Nxd4 Bd7 11. b3 a6 12. a4 Qc7 13. Bb2 Bd6 14. h3 O-O
15. Qe2 Rfe8 16. Nf3 e5 17. Ng5 Re7 18. Rfd1 Rae8 19. Qd3 Bc5 20. b4 Bxf2+ 21.
Kxf2 e4 22. Nxe4 Nxe4+ 23. Kg1 Qb6+ 24. Qd4 Qg6 25. Rd3 Bc6 26. b5 axb5 27.
axb5 Nc3 28. Qf2 Ne4 29. Qf4 Bd7 30. Rf1 Be6 31. Bxe6 Qxe6 32. Qf5 Qb6+ 33. Bd4
Qc7 34. Qg4 g6 35. c3 Qc4 36. Re3 Qxb5 37. Ra1 Qc6 38. Qf4 f5 39. Kh2 Qd7 40.
Ra5 Rf7 41. Re5 Ra8 42. Re1 Qc7 43. Kg1 Rc8 44. Qh4 Qd7 45. Re3 Qa4 46. Re6
Qd1+ 47. Kh2 Qh5 48. Qf4 h6 49. Qe5 Kh7 50. Re8 Rxe8 51. Qxe8 Rg7 52. Qe5 Rg8
53. Qe7+ 1-0

[Event "43. Olimpiada Batumi 2018 Femenina"]
[Site "Batumi GEO"]
[Date "2018.10.04"]
[Round "10.3"]
[White "Nur Abidah, Shanti"]
[Black "Froewis, Annika"]
[Result "1/2-1/2"]
[WhiteElo "2152"]
[BlackElo "2113"]
[PlyCount "96"]
[EventDate "2018.09.24"]
[EventType "team-swiss"]
[EventRounds "11"]
[EventCountry "GEO"]
[SourceTitle "Ajedrez en Madrid"]
[Source "lmi"]
[SourceDate "2018.09.24"]
[WhiteTeam "Indonesia"]
[BlackTeam "Austria"]
[WhiteTeamCountry "INA"]
[BlackTeamCountry "AUT"]

1. e4 e5 2. Nf3 Nc6 3. Bc4 Bc5 4. c3 Nf6 5. d3 d6 6. Nbd2 a5 7. a4 O-O 8. Bb3
Ba7 9. h3 Ne7 10. Nf1 Ng6 11. Ng3 h6 12. O-O c6 13. d4 exd4 14. Nxd4 d5 15.
exd5 Nxd5 16. Ndf5 Bxf5 17. Nxf5 Qf6 18. Qh5 Ndf4 19. Qg4 h5 20. Nh6+ gxh6 21.
Qf3 Bb8 22. Kh1 Nh4 23. Qe4 Qf5 24. Qxf5 Nxf5 25. Bc2 Ng7 26. g3 Ng6 27. Bxh6
Re8 28. Bd1 h4 29. gxh4 Nxh4 30. Bg5 Ng6 31. Rg1 Bf4 32. Bf6 Re6 33. Bd4 Be5
34. Be3 Nf4 35. Bg4 Rd6 36. Rae1 Rg6 37. Bb6 Bf6 38. Rd1 Nd5 39. Bc5 b6 40. Bd6
Rd8 41. Bg3 Kf8 42. c4 Nb4 43. Bc7 Rd4 44. Bxb6 Rxc4 45. Bxa5 Bxb2 46. Rd8+ Ke7
47. Rd7+ Kf8 48. Rd8+ Ke7 1/2-1/2

[Event "43. Olimpiada Batumi 2018 Femenina"]
[Site "Batumi GEO"]
[Date "2018.10.04"]
[Round "10.4"]
[White "Trippold, Denise"]
[Black "Edithso, Samantha"]
[Result "1-0"]
[WhiteElo "2146"]
[BlackElo "1805"]
[PlyCount "81"]
[EventDate "2018.09.24"]
[EventType "team-swiss"]
[EventRounds "11"]
[EventCountry "GEO"]
[SourceTitle "Ajedrez en Madrid"]
[Source "lmi"]
[SourceDate "2018.09.24"]
[WhiteTeam "Austria"]
[BlackTeam "Indonesia"]
[WhiteTeamCountry "AUT"]
[BlackTeamCountry "INA"]

1. d4 Nf6 2. Nc3 d5 3. Bf4 c6 4. Qd2 Bf5 5. f3 e6 6. g4 Bg6 7. h4 h6 8. e3 Bd6
9. Nh3 Ng8 10. Bxd6 Qxd6 11. Nf4 Ne7 12. O-O-O Nd7 13. Nxg6 fxg6 14. Kb1 O-O-O
15. f4 Kb8 16. Bd3 Rhf8 17. Ne2 Nb6 18. Ng1 Nc4 19. Bxc4 dxc4 20. Nf3 Nd5 21.
c3 b5 22. Ne5 a5 23. Nxg6 Rf7 24. e4 Nb6 25. Qe3 Rb7 26. Ka1 b4 27. Rd2 a4 28.
cxb4 Qxb4 29. Ne5 Qb5 30. Rc1 a3 31. Qxa3 c5 32. Qa5 Qxa5 33. Nc6+ Ka8 34. Nxa5
cxd4 35. Nxb7 Kxb7 36. Rcd1 d3 37. b3 Rd4 38. bxc4 Rxc4 39. Rxd3 Rxe4 40. Rd4
Re2 41. Rb4 1-0

[Event "43. Olimpiada Batumi 2018 Femenina"]
[Site "Batumi GEO"]
[Date "2018.10.04"]
[Round "10.1"]
[White "Frayna, Janelle Mae"]
[Black "Baciu, Diana"]
[Result "0-1"]
[WhiteElo "2287"]
[BlackElo "2266"]
[PlyCount "70"]
[EventDate "2018.09.24"]
[EventType "team-swiss"]
[EventRounds "11"]
[EventCountry "GEO"]
[SourceTitle "Ajedrez en Madrid"]
[Source "lmi"]
[SourceDate "2018.09.24"]
[WhiteTeam "Philippines"]
[BlackTeam "Moldova"]
[WhiteTeamCountry "PHI"]
[BlackTeamCountry "MDA"]

1. Nf3 Nf6 2. c4 e6 3. g3 b6 4. Bg2 Bb7 5. O-O Be7 6. Nc3 O-O 7. Re1 d5 8. cxd5
exd5 9. d4 Nbd7 10. Ne5 Re8 11. Bf4 c5 12. Nxd7 Qxd7 13. e3 c4 14. Bg5 Ne4 15.
Bxe7 Rxe7 16. f3 Nf6 17. e4 dxe4 18. fxe4 b5 19. a3 Rd8 20. d5 a5 21. Qd4 Rde8
22. Qc5 Ba6 23. Rad1 Qb7 24. d6 Re5 25. Qd4 b4 26. axb4 axb4 27. Na4 Nd7 28.
Bh3 Rxe4 29. Rxe4 Rxe4 30. Qf2 c3 31. Bg2 c2 32. Qxc2 Qa7+ 33. Kh1 Re2 34. Qc7
Qf2 35. Rg1 Re1 0-1

[Event "43. Olimpiada Batumi 2018 Femenina"]
[Site "Batumi GEO"]
[Date "2018.10.04"]
[Round "10.2"]
[White "Hincu, Olga"]
[Black "Secopito, Catherine"]
[Result "0-1"]
[WhiteElo "2124"]
[BlackElo "2157"]
[PlyCount "90"]
[EventDate "2018.09.24"]
[EventType "team-swiss"]
[EventRounds "11"]
[EventCountry "GEO"]
[SourceTitle "Ajedrez en Madrid"]
[Source "lmi"]
[SourceDate "2018.09.24"]
[WhiteTeam "Moldova"]
[BlackTeam "Philippines"]
[WhiteTeamCountry "MDA"]
[BlackTeamCountry "PHI"]

1. d4 Nf6 2. c4 e6 3. Nf3 b6 4. a3 Bb7 5. Nc3 d5 6. cxd5 Nxd5 7. Qc2 Nxc3 8.
bxc3 c5 9. e4 Nd7 10. Bd3 Qc7 11. O-O cxd4 12. cxd4 Qxc2 13. Bxc2 Rc8 14. Ba4
a6 15. d5 exd5 16. exd5 b5 17. Re1+ Kd8 18. Bg5+ f6 19. Bd2 Bc5 20. Bb3 Re8 21.
Ba5+ Bb6 22. Rxe8+ Kxe8 23. Re1+ Kd8 24. Bb4 Nc5 25. Bc2 g6 26. d6 a5 27. Bd2
Bd5 28. Nd4 Nb7 29. Bb3 Bxb3 30. Nxb3 a4 31. Nc1 Rc2 32. Rd1 Bc5 33. Nd3 Bxa3
34. Bb4 Bxb4 35. Nxb4 Rc4 36. Nd5 a3 37. d7 a2 38. Ra1 b4 39. f4 b3 40. Re1 Rc6
41. Nb4 Kxd7 42. Nd3 Ra6 43. Ra1 Rd6 44. Nb2 Rd2 45. Nc4 b2 0-1

[Event "43. Olimpiada Batumi 2018 Femenina"]
[Site "Batumi GEO"]
[Date "2018.10.04"]
[Round "10.3"]
[White "Mendoza, Shania Mae"]
[Black "Petrenko, Svetlana"]
[Result "1/2-1/2"]
[WhiteElo "2113"]
[BlackElo "2156"]
[PlyCount "96"]
[EventDate "2018.09.24"]
[EventType "team-swiss"]
[EventRounds "11"]
[EventCountry "GEO"]
[SourceTitle "Ajedrez en Madrid"]
[Source "lmi"]
[SourceDate "2018.09.24"]
[WhiteTeam "Philippines"]
[BlackTeam "Moldova"]
[WhiteTeamCountry "PHI"]
[BlackTeamCountry "MDA"]

1. e4 c5 2. Nf3 e6 3. d4 cxd4 4. Nxd4 a6 5. Bd3 Qc7 6. O-O b5 7. Kh1 Nc6 8. Nb3
Bb7 9. Nc3 Nf6 10. Bg5 Be7 11. Qe2 d6 12. f4 h6 13. Bxf6 Bxf6 14. Rae1 O-O 15.
Qh5 Bxc3 16. bxc3 Ne7 17. Re3 Qxc3 18. Rg3 Kh8 19. e5 dxe5 20. fxe5 f5 21. Qh4
Qc7 22. Nd4 Bd5 23. Ne2 Nc6 24. Nf4 Nxe5 25. Re1 Nxd3 26. cxd3 Rf6 27. Nh5 Rf7
28. Rg6 Kh7 29. Nf4 Raf8 30. Nxe6 Bxe6 31. Rgxe6 Qc3 32. d4 a5 33. d5 Rf6 34.
Qf2 Qc4 35. R6e5 b4 36. h3 a4 37. Qd2 Qc3 38. Qd1 b3 39. axb3 Qxb3 40. d6 Qxd1
41. Rxd1 Ra8 42. d7 Rff8 43. Red5 Rfd8 44. Rxf5 Ra7 45. Rfd5 a3 46. Ra1 a2 47.
Rd2 Rdxd7 48. Rxd7 Rxd7 1/2-1/2

[Event "43. Olimpiada Batumi 2018 Femenina"]
[Site "Batumi GEO"]
[Date "2018.10.04"]
[Round "10.4"]
[White "Gitu, Paula-Alexandra"]
[Black "Galas, Bernadette"]
[Result "1-0"]
[WhiteElo "2026"]
[BlackElo "2080"]
[PlyCount "99"]
[EventDate "2018.09.24"]
[EventType "team-swiss"]
[EventRounds "11"]
[EventCountry "GEO"]
[SourceTitle "Ajedrez en Madrid"]
[Source "lmi"]
[SourceDate "2018.09.24"]
[WhiteTeam "Moldova"]
[BlackTeam "Philippines"]
[WhiteTeamCountry "MDA"]
[BlackTeamCountry "PHI"]

1. e4 c5 2. Nf3 Nc6 3. Bb5 g6 4. Bxc6 dxc6 5. d3 Bg7 6. h3 Nf6 7. Nc3 Nd7 8.
Be3 e5 9. Qd2 h6 10. O-O b6 11. Nh2 g5 12. Ne2 Nf6 13. Ng3 Be6 14. c3 Qc7 15.
Qc2 O-O-O 16. a4 Bf8 17. Rfd1 Be7 18. Rac1 Rhg8 19. d4 c4 20. Nf5 Bxf5 21. exf5
Bd6 22. Ng4 Nxg4 23. hxg4 f6 24. Qe4 exd4 25. Rxd4 Rge8 26. Qf3 Bh2+ 27. Kh1
Be5 28. Rxc4 Rd5 29. Qxd5 cxd5 30. Rxc7+ Kxc7 31. Rd1 Kc6 32. Rd3 Rh8 33. Bd4
Kd6 34. Rh3 Ke7 35. g3 Kf7 36. Kg2 Kg7 37. Rh1 Kf7 38. Rd1 Rd8 39. Kf3 Re8 40.
Be3 Rd8 41. Ke2 Ke7 42. Rh1 d4 43. cxd4 Bxd4 44. Rxh6 Bxb2 45. Rh7+ Kd6 46.
Rxa7 Rb8 47. f4 Re8 48. Kf3 gxf4 49. gxf4 Rb8 50. g5 1-0

[Event "43. Olimpiada Batumi 2018 Femenina"]
[Site "Batumi GEO"]
[Date "2018.10.04"]
[Round "10.1"]
[White "Matras-Clement, Agnieszka"]
[Black "Shvayger, Yuliya"]
[Result "1/2-1/2"]
[WhiteElo "2225"]
[BlackElo "2375"]
[PlyCount "52"]
[EventDate "2018.09.24"]
[EventType "team-swiss"]
[EventRounds "11"]
[EventCountry "GEO"]
[SourceTitle "Ajedrez en Madrid"]
[Source "lmi"]
[SourceDate "2018.09.24"]
[WhiteTeam "Canada"]
[BlackTeam "Israel"]
[WhiteTeamCountry "CAN"]
[BlackTeamCountry "ISR"]

1. e4 c5 2. c3 Nf6 3. e5 Nd5 4. d4 cxd4 5. Nf3 Nc6 6. Bc4 e6 7. cxd4 d6 8. O-O
Be7 9. Qe2 O-O 10. Nc3 Nxc3 11. bxc3 dxe5 12. dxe5 Qa5 13. Bd2 Rd8 14. Qe4 Qa4
15. Rfe1 Na5 16. Ng5 g6 17. Qf4 Rf8 18. Re4 Nxc4 19. Rxc4 Bxg5 20. Qxg5 Qxc4
21. Qf6 g5 22. Qxg5+ Kh8 23. Qf6+ Kg8 24. Qg5+ Kh8 25. Qf6+ Kg8 26. Qg5+ Kh8
1/2-1/2

[Event "43. Olimpiada Batumi 2018 Femenina"]
[Site "Batumi GEO"]
[Date "2018.10.04"]
[Round "10.2"]
[White "Efroimski, Marsel"]
[Black "Zhou, Qiyu"]
[Result "1-0"]
[WhiteElo "2313"]
[BlackElo "2207"]
[PlyCount "61"]
[EventDate "2018.09.24"]
[EventType "team-swiss"]
[EventRounds "11"]
[EventCountry "GEO"]
[SourceTitle "Ajedrez en Madrid"]
[Source "lmi"]
[SourceDate "2018.09.24"]
[WhiteTeam "Israel"]
[BlackTeam "Canada"]
[WhiteTeamCountry "ISR"]
[BlackTeamCountry "CAN"]

1. e4 c5 2. Nf3 d6 3. Nc3 Nc6 4. d4 cxd4 5. Nxd4 Nf6 6. f3 e5 7. Nb3 Be7 8. Be3
Be6 9. Qe2 O-O 10. O-O-O a5 11. Nc5 Qc8 12. Nxe6 fxe6 13. g4 Kh8 14. Kb1 Nb4
15. a3 Na6 16. h4 Qc6 17. h5 Nc7 18. g5 Ng8 19. Bc1 a4 20. Na2 Na6 21. Bh3 Qd7
22. Nc3 Rac8 23. Nd5 Bd8 24. f4 Qe8 25. fxe5 dxe5 26. h6 Rc5 27. hxg7+ Kxg7 28.
Nc3 Ba5 29. Qh2 Bxc3 30. Bxe6 h6 31. Rd7+ 1-0

[Event "43. Olimpiada Batumi 2018 Femenina"]
[Site "Batumi GEO"]
[Date "2018.10.04"]
[Round "10.3"]
[White "Ouellet, Maili-Jade"]
[Black "Gutmakher, Olga"]
[Result "0-1"]
[WhiteElo "2144"]
[BlackElo "2258"]
[PlyCount "156"]
[EventDate "2018.09.24"]
[EventType "team-swiss"]
[EventRounds "11"]
[EventCountry "GEO"]
[SourceTitle "Ajedrez en Madrid"]
[Source "lmi"]
[SourceDate "2018.09.24"]
[WhiteTeam "Canada"]
[BlackTeam "Israel"]
[WhiteTeamCountry "CAN"]
[BlackTeamCountry "ISR"]

1. d4 d6 2. c4 e5 3. Nf3 e4 4. Ng5 f5 5. Nc3 Be7 6. Nh3 Nf6 7. Bg5 c6 8. e3 O-O
9. Be2 Na6 10. Nf4 Nc7 11. h4 Bd7 12. Qb3 Rb8 13. O-O Qe8 14. g3 Kh8 15. a4 b6
16. Qc2 a5 17. Rae1 Rc8 18. Qb1 Ne6 19. f3 Nxf4 20. Bxf4 d5 21. cxd5 cxd5 22.
Ba6 Rd8 23. Bc7 Qg6 24. Kh2 Be6 25. Bxd8 Bxd8 26. Ne2 Bc7 27. Qc2 Bb8 28. Nf4
Bxf4 29. exf4 exf3 30. Rxf3 Ne4 31. Rc1 Qf6 32. Qd3 Bf7 33. Rc2 h6 34. Bb7 Re8
35. Rc8 Kh7 36. Rxe8 Bxe8 37. Bxd5 Qg6 38. Rf1 Nf6 39. Bf3 Bxa4 40. d5 Bd7 41.
Re1 Qf7 42. Qd4 b5 43. Qe5 Qf8 44. Rc1 Qb4 45. Qc3 Qa4 46. Re1 Qa2 47. Re7 Kg8
48. Qe5 Qb3 49. Qb8+ Kh7 50. Kg2 Qxb2+ 51. Re2 Qb3 52. Qf8 Nxd5 53. Rd2 Nf6 54.
h5 a4 55. Qc5 Qf7 56. Re2 Qb3 57. Re7 Qb2+ 58. Re2 Qb1 59. Qe7 Qb3 60. Rd2 Qe6
61. Qb4 Bc6 62. Qa3 Nxh5 63. Qd3 Qg6 64. Kf1 Nxg3+ 65. Ke1 Be4 66. Qe3 Qf6 67.
Kf2 Qh4 68. Kg2 Qg4 69. Rf2 Bxf3+ 70. Rxf3 Ne4+ 71. Kh1 b4 72. Kh2 b3 73. Rf1
Qg6 74. Rb1 Qc6 75. Rc1 Qd5 76. Ra1 Qd2+ 77. Qxd2 Nxd2 78. Rxa4 b2 0-1

[Event "43. Olimpiada Batumi 2018 Femenina"]
[Site "Batumi GEO"]
[Date "2018.10.04"]
[Round "10.4"]
[White "Lahav, Michal"]
[Black "Demchenko, Svitlana"]
[Result "1/2-1/2"]
[WhiteElo "2151"]
[BlackElo "2134"]
[PlyCount "103"]
[EventDate "2018.09.24"]
[EventType "team-swiss"]
[EventRounds "11"]
[EventCountry "GEO"]
[SourceTitle "Ajedrez en Madrid"]
[Source "lmi"]
[SourceDate "2018.09.24"]
[WhiteTeam "Israel"]
[BlackTeam "Canada"]
[WhiteTeamCountry "ISR"]
[BlackTeamCountry "CAN"]

1. e4 d5 2. exd5 Nf6 3. d4 Bg4 4. Nf3 Qxd5 5. Be2 e6 6. h3 Bh5 7. O-O Nc6 8. c4
Qd7 9. Qb3 Be7 10. Rd1 Bxf3 11. Bxf3 Nxd4 12. Qxb7 Rd8 13. Nc3 O-O 14. Be3 c5
15. Qxd7 Nxf3+ 16. gxf3 Nxd7 17. f4 Nb6 18. b3 Bf6 19. Rxd8 Rxd8 20. Rc1 Bxc3
21. Rxc3 Rd1+ 22. Kg2 Nd7 23. b4 cxb4 24. Rc2 Rd6 25. Bxa7 Rc6 26. Be3 Nb6 27.
Bxb6 Rxb6 28. c5 Rb8 29. Kf3 Kf8 30. Ke4 Ke7 31. Kd4 Kd7 32. Kc4 Kc6 33. Rd2
Rb7 34. Rd8 Ra7 35. Rc8+ Kd7 36. Rf8 Rxa2 37. Rxf7+ Kc6 38. Rxg7 Rxf2 39. Kxb4
Rxf4+ 40. Kc3 Rh4 41. Re7 Kxc5 42. Rxe6 Rxh3+ 43. Kd2 Kd5 44. Re3 Rh4 45. Ke2
h5 46. Kf2 Rg4 47. Rg3 Ke4 48. Rxg4+ hxg4 49. Kg3 Kf5 50. Kg2 Kg5 51. Kg3 Kf5
52. Kg2 1/2-1/2

[Event "43. Olimpiada Batumi 2018 Femenina"]
[Site "Batumi GEO"]
[Date "2018.10.04"]
[Round "10.1"]
[White "Narva, Mai"]
[Black "Khomeriki, Nino"]
[Result "1-0"]
[WhiteElo "2320"]
[BlackElo "2313"]
[PlyCount "107"]
[EventDate "2018.09.24"]
[EventType "team-swiss"]
[EventRounds "11"]
[EventCountry "GEO"]
[SourceTitle "Ajedrez en Madrid"]
[Source "lmi"]
[SourceDate "2018.09.24"]
[WhiteTeam "Estonia"]
[BlackTeam "Georgia 3"]
[WhiteTeamCountry "EST"]

1. e4 e5 2. Nf3 Nc6 3. Bb5 a6 4. Ba4 Nf6 5. O-O Nxe4 6. d4 b5 7. Bb3 d5 8. dxe5
Be6 9. Qe2 Be7 10. Rd1 O-O 11. c4 bxc4 12. Bxc4 Bc5 13. Be3 Bxe3 14. Qxe3 Qb8
15. Bb3 Na5 16. Nbd2 Nxd2 17. Nxd2 Qa7 18. Qc3 Qb6 19. Rac1 Rfc8 20. Bc2 c5 21.
Nf3 Nc6 22. Ng5 g6 23. Qg3 Nd4 24. Bd3 c4 25. Bf1 Nf5 26. Qh3 h6 27. Nxe6 fxe6
28. g4 Ne7 29. Qxh6 Rf8 30. Rd2 Rf7 31. Rc3 Rh7 32. Qg5 Rf8 33. b3 Rhf7 34. Qh4
g5 35. Qg3 Ng6 36. Qe3 d4 37. Qxd4 Rxf2 38. Bxc4 Qxd4 39. Rxd4 Nh4 40. Bxe6+
Kh8 41. Bf5 Rg2+ 42. Kf1 Rxa2 43. Rc8 Rxc8 44. Bxc8 Nf3 45. Rd8+ Kg7 46. e6 Rd2
47. Rd7+ Kg6 48. Bb7 Nxh2+ 49. Ke1 Ra2 50. Be4+ Kf6 51. e7 Ra1+ 52. Ke2 Ra2+
53. Kd3 Kf7 54. Bg6+ 1-0

[Event "43. Olimpiada Batumi 2018 Femenina"]
[Site "Batumi GEO"]
[Date "2018.10.04"]
[Round "10.2"]
[White "Janiashvili, Mariami"]
[Black "Olde, Margareth"]
[Result "1/2-1/2"]
[WhiteElo "2081"]
[BlackElo "2158"]
[PlyCount "113"]
[EventDate "2018.09.24"]
[EventType "team-swiss"]
[EventRounds "11"]
[EventCountry "GEO"]
[SourceTitle "Ajedrez en Madrid"]
[Source "lmi"]
[SourceDate "2018.09.24"]
[WhiteTeam "Georgia 3"]
[BlackTeam "Estonia"]
[BlackTeamCountry "EST"]

1. d4 Nf6 2. Nf3 e6 3. g3 b6 4. Bg2 Bb7 5. c4 Bb4+ 6. Bd2 a5 7. Nc3 O-O 8. O-O
d6 9. Rc1 Nbd7 10. Bg5 Bxc3 11. Rxc3 h6 12. Bxf6 Nxf6 13. Qc2 Be4 14. Qc1 d5
15. Rd1 Rc8 16. Ne5 Bxg2 17. Kxg2 Qe7 18. cxd5 exd5 19. Re3 Qd6 20. Qc6 Ng4 21.
Rb3 Nxe5 22. Qxd6 cxd6 23. dxe5 dxe5 24. Rxd5 Rc6 25. Rxe5 Rd8 26. Reb5 Rdd6
27. Rd3 Re6 28. Rd2 Rc4 29. e3 g6 30. Rbd5 Kg7 31. Rd6 Kf6 32. Kf3 h5 33. h4
Ke7 34. Rd7+ Kf8 35. Rd8+ Kg7 36. R8d6 Kf6 37. Ke2 Rc1 38. e4 Ke7 39. Rxe6+
Kxe6 40. Ke3 f6 41. Rd5 Re1+ 42. Kf4 Re2 43. Rb5 Rxf2+ 44. Ke3 Rg2 45. Rxb6+
Ke7 46. Kf3 Rd2 47. Rb5 a4 48. a3 Ke6 49. Rb4 Ke5 50. Ke3 Rg2 51. Kf3 Rd2 52.
Rb5+ Ke6 53. Ra5 Rxb2 54. Rxa4 Ke5 55. Ra5+ Ke6 56. a4 Ra2 57. Ra8 1/2-1/2